[Event "ODJM B 2023"]
[Site "Willingen GER"]
[Date "2023.05.31"]
[Round "6"]
[White "Morio, Estelle"]
[Black "Kauth, Lukas Michael"]
[Result "1/2-1/2"]
[Termination "normal"]
[Board "14"]
[WhiteElo "1792"]
[BlackElo "1315"]
[WhiteClock "00:35:52"]
[BlackClock "00:43:36"]
[PlyCount "48"]
[WhiteFideId "12951951"]
[BlackFideId "16272994"]
[EventCountry "GER"]
[EventRounds "9"]
[EventType "swiss"]
[EventDate "2023.05.27"]

1. f4 {[%clk 01:30:58]} {[%emt 00:00:02]} e5 {[%clk 01:30:35]} {[%emt
00:00:25]} 2. fxe5 {[%clk 01:31:21]} {[%emt 00:00:06]} d6 {[%clk 01:31:01]}
{[%emt 00:00:05]} 3. Nf3 {[%clk 01:31:40]} {[%emt 00:00:11]} dxe5 {[%clk
01:30:37]} {[%emt 00:00:54]} 4. e4 {[%clk 01:31:49]} {[%emt 00:00:21]} Nf6
{[%clk 01:29:19]} {[%emt 00:01:48]} 5. c3 {[%clk 01:32:00]} {[%emt 00:00:19]}
Nc6 {[%clk 01:28:44]} {[%emt 00:01:05]} 6. Qc2 {[%clk 01:18:34]} {[%emt
00:13:56]} Bc5 {[%clk 01:26:49]} {[%emt 00:02:24]} 7. Bb5 {[%clk 01:11:57]}
{[%emt 00:07:08]} Bd7 {[%clk 01:23:48]} {[%emt 00:03:31]} 8. d3 {[%clk
01:10:05]} {[%emt 00:02:23]} Qe7 {[%clk 01:21:05]} {[%emt 00:03:12]} 9. Qe2
{[%clk 01:08:08]} {[%emt 00:02:27]} a6 {[%clk 01:10:53]} {[%emt 00:10:43]} 10.
Ba4 {[%clk 01:06:42]} {[%emt 00:01:56]} O-O-O {[%clk 01:07:03]} {[%emt
00:04:19]} 11. Be3 {[%clk 01:01:10]} {[%emt 00:06:02]} Bxe3 {[%clk 01:01:07]}
{[%emt 00:06:26]} 12. Qxe3 {[%clk 01:01:33]} {[%emt 00:00:07]} Ng4 {[%clk
01:01:01]} {[%emt 00:00:36]} 13. Qe2 {[%clk 01:01:15]} {[%emt 00:00:47]} f5
{[%clk 01:00:18]} {[%emt 00:01:13]} 14. h3 {[%clk 00:58:01]} {[%emt 00:03:44]}
Nf6 {[%clk 00:59:28]} {[%emt 00:01:21]} 15. Nbd2 {[%clk 00:55:58]} {[%emt
00:02:33]} fxe4 {[%clk 00:56:30]} {[%emt 00:03:28]} 16. Nxe4 {[%clk 00:55:11]}
{[%emt 00:01:17]} b5 {[%clk 00:52:14]} {[%emt 00:04:46]} 17. Bc2 {[%clk
00:54:45]} {[%emt 00:00:56]} Bf5 {[%clk 00:52:15]} {[%emt 00:00:29]} 18. Nfd2
{[%clk 00:46:14]} {[%emt 00:09:01]} Nd5 {[%clk 00:47:59]} {[%emt 00:04:45]} 19.
g3 {[%clk 00:42:44]} {[%emt 00:04:01]} Rhf8 {[%clk 00:47:13]} {[%emt 00:01:15]}
20. Nf3 {[%clk 00:37:17]} {[%emt 00:05:58]} Nf6 {[%clk 00:44:03]} {[%emt
00:03:40]} 21. O-O-O {[%clk 00:36:07]} {[%emt 00:01:40]} Nxe4 {[%clk 00:44:07]}
{[%emt 00:00:26]} 22. dxe4 {[%clk 00:36:27]} {[%emt 00:00:10]} Be6 {[%clk
00:44:22]} {[%emt 00:00:15]} 23. Rxd8+ {[%clk 00:35:54]} {[%emt 00:01:04]} Rxd8
{[%clk 00:44:42]} {[%emt 00:00:09]} 24. a3 {[%clk 00:35:52]} {[%emt 00:00:32]}
Bc4 {[%clk 00:43:36]} {[%emt 00:01:35]} 1/2-1/2

[Event "ODJM B 2023"]
[Site "Willingen GER"]
[Date "2023.05.31"]
[Round "6"]
[White "Hornstein, Leonhard Orell"]
[Black "Stülcken, Philipp"]
[Result "0-1"]
[Termination "normal"]
[Board "16"]
[WhiteElo "1476"]
[BlackElo "1617"]
[WhiteClock "01:23:36"]
[BlackClock "00:56:03"]
[PlyCount "34"]
[WhiteFideId "16254643"]
[BlackFideId "12986232"]
[EventCountry "GER"]
[EventRounds "9"]
[EventType "swiss"]
[EventDate "2023.05.27"]

1. d4 {[%clk 01:30:59]} Nf6 {[%clk 01:30:50]} {[%emt 00:00:11]} 2. Nc3 {[%clk
01:28:52]} {[%emt 00:02:37]} d5 {[%clk 01:31:09]} {[%emt 00:00:11]} 3. Bf4
{[%clk 01:29:18]} {[%emt 00:00:04]} e6 {[%clk 01:30:48]} {[%emt 00:00:51]} 4.
e3 {[%clk 01:29:28]} {[%emt 00:00:20]} Bd6 {[%clk 01:30:31]} {[%emt 00:00:47]}
5. Nf3 {[%clk 01:29:47]} {[%emt 00:00:10]} Bxf4 {[%clk 01:28:01]} {[%emt
00:03:00]} 6. exf4 {[%clk 01:30:16]} {[%emt 00:00:02]} b6 {[%clk 01:26:33]}
{[%emt 00:01:58]} 7. Ne5 {[%clk 01:29:10]} {[%emt 00:01:35]} Bb7 {[%clk
01:24:22]} {[%emt 00:02:42]} 8. Ne2 {[%clk 01:27:45]} {[%emt 00:01:55]} c5
{[%clk 01:19:21]} {[%emt 00:05:31]} 9. c3 {[%clk 01:28:02]} {[%emt 00:00:13]}
O-O {[%clk 01:17:04]} {[%emt 00:02:46]} 10. Ng3 {[%clk 01:27:09]} {[%emt
00:01:24]} Nc6 {[%clk 01:16:37]} {[%emt 00:00:57]} 11. Bd3 {[%clk 01:27:20]}
{[%emt 00:00:18]} cxd4 {[%clk 01:15:50]} {[%emt 00:01:18]} 12. cxd4 {[%clk
01:27:37]} {[%emt 00:00:13]} Nb4 {[%clk 01:14:45]} {[%emt 00:01:34]} 13. O-O
{[%clk 01:27:13]} {[%emt 00:00:55]} Nxd3 {[%clk 01:14:29]} {[%emt 00:00:46]}
14. Qxd3 {[%clk 01:27:07]} {[%emt 00:00:36]} g6 {[%clk 01:00:28]} {[%emt
00:14:32]} 15. Rac1 {[%clk 01:26:00]} {[%emt 00:01:36]} Rc8 {[%clk 00:59:24]}
{[%emt 00:01:34]} 16. Rc2 {[%clk 01:26:13]} {[%emt 00:00:17]} Ba6 {[%clk
00:56:11]} {[%emt 00:03:43]} 17. Rxc8 {[%clk 01:23:36]} {[%emt 00:03:07]} Qxc8
{[%clk 00:56:03]} {[%emt 00:00:38]} 0-1

[Event "ODJM B 2023"]
[Site "Willingen GER"]
[Date "2023.05.31"]
[Round "6"]
[White "Strohschän, Michel"]
[Black "Kanno, Clara Yumi"]
[Result "0-1"]
[Termination "normal"]
[Board "17"]
[WhiteElo "1718"]
[BlackElo "1358"]
[WhiteClock "00:49:07"]
[BlackClock "00:20:04"]
[PlyCount "58"]
[WhiteFideId "34630465"]
[BlackFideId "16259661"]
[EventCountry "GER"]
[EventRounds "9"]
[EventType "swiss"]
[EventDate "2023.05.27"]

1. e4 {[%clk 01:30:56]} {[%emt 00:00:02]} e6 {[%clk 01:30:56]} {[%emt
00:00:05]} 2. Nf3 {[%clk 01:31:23]} {[%emt 00:00:04]} d5 {[%clk 01:31:21]}
{[%emt 00:00:05]} 3. Nc3 {[%clk 01:31:48]} {[%emt 00:00:04]} Nf6 {[%clk
01:31:10]} {[%emt 00:00:41]} 4. e5 {[%clk 01:32:14]} {[%emt 00:00:04]} Nfd7
{[%clk 01:31:28]} {[%emt 00:00:13]} 5. d4 {[%clk 01:32:04]} {[%emt 00:00:39]}
c5 {[%clk 01:31:41]} {[%emt 00:00:18]} 6. dxc5 {[%clk 01:32:20]} {[%emt
00:00:14]} Bxc5 {[%clk 01:31:57]} {[%emt 00:00:13]} 7. Bd3 {[%clk 01:32:38]}
{[%emt 00:00:11]} Nc6 {[%clk 01:29:04]} {[%emt 00:03:24]} 8. Bf4 {[%clk
01:32:48]} {[%emt 00:00:19]} h6 {[%clk 01:23:51]} {[%emt 00:05:44]} 9. O-O
{[%clk 01:30:49]} {[%emt 00:02:28]} g5 {[%clk 01:20:18]} {[%emt 00:04:04]} 10.
Bg3 {[%clk 01:28:35]} {[%emt 00:02:44]} h5 {[%clk 01:16:08]} {[%emt 00:04:40]}
11. h4 {[%clk 01:26:51]} {[%emt 00:02:13]} g4 {[%clk 01:13:31]} {[%emt
00:03:07]} 12. Nd2 {[%clk 01:24:52]} {[%emt 00:02:30]} Ndxe5 {[%clk 01:12:36]}
{[%emt 00:01:25]} 13. Bb5 {[%clk 01:23:33]} {[%emt 00:01:49]} Ng6 {[%clk
01:11:39]} {[%emt 00:01:26]} 14. Nb3 {[%clk 01:22:47]} {[%emt 00:01:16]} Be7
{[%clk 01:08:43]} {[%emt 00:03:23]} 15. Nd4 {[%clk 01:13:50]} {[%emt 00:09:31]}
Bd7 {[%clk 01:06:13]} {[%emt 00:03:00]} 16. Re1 {[%clk 01:12:15]} {[%emt
00:02:04]} a6 {[%clk 01:04:02]} {[%emt 00:02:42]} 17. Bxc6 {[%clk 01:11:01]}
{[%emt 00:01:44]} bxc6 {[%clk 01:02:32]} {[%emt 00:02:00]} 18. Re2 {[%clk
00:58:11]} {[%emt 00:13:19]} Nxh4 {[%clk 00:58:05]} {[%emt 00:04:57]} 19. Be5
{[%clk 00:56:00]} {[%emt 00:02:41]} Rg8 {[%clk 00:57:11]} {[%emt 00:01:22]} 20.
Nb3 {[%clk 00:55:11]} {[%emt 00:01:21]} Nf5 {[%clk 00:53:11]} {[%emt 00:04:28]}
21. Na4 {[%clk 00:54:03]} {[%emt 00:01:42]} h4 {[%clk 00:46:06]} {[%emt
00:07:34]} 22. Nd4 {[%clk 00:53:02]} {[%emt 00:01:30]} Nxd4 {[%clk 00:35:49]}
{[%emt 00:10:48]} 23. Bxd4 {[%clk 00:53:30]} {[%emt 00:00:02]} Bd6 {[%clk
00:30:45]} {[%emt 00:05:31]} 24. Nc5 {[%clk 00:52:58]} {[%emt 00:01:05]} Qe7
{[%clk 00:27:18]} {[%emt 00:03:52]} 25. Nb7 {[%clk 00:51:21]} {[%emt 00:02:11]}
Bc7 {[%clk 00:25:28]} {[%emt 00:02:15]} 26. Bc5 {[%clk 00:51:37]} {[%emt
00:00:20]} Qf6 {[%clk 00:24:43]} {[%emt 00:01:09]} 27. c3 {[%clk 00:51:12]}
{[%emt 00:01:00]} Qf4 {[%clk 00:21:10]} {[%emt 00:03:53]} 28. Qd3 {[%clk
00:48:39]} {[%emt 00:03:14]} Qh2+ {[%clk 00:20:56]} {[%emt 00:00:43]} 29. Kf1
{[%clk 00:49:07]} {[%emt 00:00:03]} Qh1# {[%clk 00:20:04]} {[%emt 00:00:07]}
0-1

[Event "ODJM B 2023"]
[Site "Willingen GER"]
[Date "2023.05.31"]
[Round "6"]
[White "Müller, Sophie Charlotte"]
[Black "Krömer, Emanuel"]
[Result "1/2-1/2"]
[Termination "normal"]
[Board "19"]
[WhiteElo "1442"]
[BlackElo "1496"]
[WhiteClock "00:01:20"]
[BlackClock "00:00:52"]
[PlyCount "76"]
[WhiteFideId "16246683"]
[BlackFideId "16287070"]
[EventCountry "GER"]
[EventRounds "9"]
[EventType "swiss"]
[EventDate "2023.05.27"]

1. e4 {[%clk 01:30:58]} {[%emt 00:00:01]} d5 {[%clk 01:30:57]} {[%emt
00:00:04]} 2. exd5 {[%clk 01:31:20]} {[%emt 00:00:07]} Qxd5 {[%clk 01:31:27]}
3. Nc3 {[%clk 01:31:42]} {[%emt 00:00:08]} Qa5 {[%clk 01:31:56]} 4. Nf3 {[%clk
01:31:55]} {[%emt 00:00:16]} Nf6 {[%clk 01:32:18]} {[%emt 00:00:08]} 5. g3
{[%clk 01:30:23]} {[%emt 00:02:02]} Bg4 {[%clk 01:30:33]} {[%emt 00:02:16]} 6.
Bg2 {[%clk 01:30:35]} {[%emt 00:00:18]} Nc6 {[%clk 01:30:33]} {[%emt 00:00:30]}
7. O-O {[%clk 01:29:29]} {[%emt 00:01:35]} e6 {[%clk 01:27:56]} {[%emt
00:03:08]} 8. d3 {[%clk 01:28:27]} {[%emt 00:01:32]} Bc5 {[%clk 01:26:39]}
{[%emt 00:01:47]} 9. Bd2 {[%clk 01:20:42]} {[%emt 00:08:15]} Bb6 {[%clk
01:20:35]} {[%emt 00:06:34]} 10. h3 {[%clk 01:06:32]} {[%emt 00:14:39]} Bh5
{[%clk 01:14:39]} {[%emt 00:06:27]} 11. Ne4 {[%clk 01:00:02]} {[%emt 00:06:58]}
Qb5 {[%clk 00:51:00]} {[%emt 00:24:10]} 12. Nxf6+ {[%clk 00:55:26]} {[%emt
00:05:06]} gxf6 {[%clk 00:51:13]} {[%emt 00:00:18]} 13. Qc1 {[%clk 00:46:07]}
{[%emt 00:09:48]} Rg8 {[%clk 00:34:43]} {[%emt 00:17:00]} 14. Kh2 {[%clk
00:40:20]} {[%emt 00:06:17]} Bxf3 {[%clk 00:28:22]} {[%emt 00:06:51]} 15. Bxf3
{[%clk 00:40:22]} {[%emt 00:00:29]} O-O-O {[%clk 00:28:26]} {[%emt 00:00:27]}
16. a4 {[%clk 00:31:04]} {[%emt 00:09:47]} Qc5 {[%clk 00:22:58]} {[%emt
00:05:58]} 17. Bxc6 {[%clk 00:20:06]} {[%emt 00:11:27]} Qxc6 {[%clk 00:22:14]}
{[%emt 00:01:15]} 18. a5 {[%clk 00:18:55]} {[%emt 00:01:40]} Bc5 {[%clk
00:21:55]} {[%emt 00:00:49]} 19. b4 {[%clk 00:18:04]} {[%emt 00:01:21]} Bd6
{[%clk 00:17:44]} {[%emt 00:04:41]} 20. Qd1 {[%clk 00:16:31]} {[%emt 00:02:03]}
h5 {[%clk 00:15:41]} {[%emt 00:02:33]} 21. h4 {[%clk 00:15:11]} {[%emt
00:01:50]} Rg4 {[%clk 00:14:19]} {[%emt 00:01:53]} 22. Kh3 {[%clk 00:08:29]}
{[%emt 00:07:11]} Rdg8 {[%clk 00:13:12]} {[%emt 00:01:38]} 23. Rg1 {[%clk
00:08:34]} {[%emt 00:00:25]} Qd5 {[%clk 00:09:24]} {[%emt 00:04:18]} 24. f4
{[%clk 00:04:26]} {[%emt 00:04:37]} e5 {[%clk 00:09:42]} {[%emt 00:00:13]} 25.
Qe2 {[%clk 00:02:43]} {[%emt 00:02:13]} Kd7 {[%clk 00:04:24]} {[%emt 00:05:48]}
26. Qf2 {[%clk 00:03:02]} {[%emt 00:00:11]} Qe6 {[%clk 00:03:07]} {[%emt
00:01:47]} 27. Kh2 {[%clk 00:03:16]} {[%emt 00:00:16]} Qf5 {[%clk 00:02:22]}
{[%emt 00:01:15]} 28. Raf1 {[%clk 00:02:48]} {[%emt 00:00:58]} exf4 {[%clk
00:02:09]} {[%emt 00:00:43]} 29. Bxf4 {[%clk 00:02:00]} {[%emt 00:01:17]} Bxf4
{[%clk 00:01:40]} {[%emt 00:00:59]} 30. Qd4+ {[%clk 00:02:11]} {[%emt
00:00:20]} Bd6 {[%clk 00:01:37]} {[%emt 00:00:33]} 31. Qxd6+ {[%clk 00:02:27]}
{[%emt 00:00:14]} Kxd6 {[%clk 00:01:38]} {[%emt 00:00:29]} 32. Rxf5 {[%clk
00:02:52]} {[%emt 00:00:04]} Rxb4 {[%clk 00:01:18]} {[%emt 00:00:50]} 33. Rxf6+
{[%clk 00:02:28]} {[%emt 00:00:54]} Ke7 {[%clk 00:01:07]} {[%emt 00:00:41]} 34.
Rgf1 {[%clk 00:02:50]} {[%emt 00:00:08]} Rg7 {[%clk 00:01:34]} {[%emt
00:00:04]} 35. R6f5 {[%clk 00:02:23]} {[%emt 00:00:57]} Rb2 {[%clk 00:01:06]}
{[%emt 00:00:58]} 36. R1f2 {[%clk 00:02:43]} {[%emt 00:00:09]} Rh7 {[%clk
00:01:23]} {[%emt 00:00:14]} 37. Kg2 {[%clk 00:01:47]} {[%emt 00:01:26]} Ke6
{[%clk 00:01:11]} {[%emt 00:00:42]} 38. Kf1 {[%clk 00:01:20]} {[%emt 00:00:57]}
Rb4 {[%clk 00:00:52]} {[%emt 00:00:49]} 1/2-1/2

[Event "ODJM B 2023"]
[Site "Willingen GER"]
[Date "2023.05.31"]
[Round "6"]
[White "Ermert, Karl Hans Ragnar"]
[Black "Sitnik, Arthur"]
[Result "1-0"]
[Termination "normal"]
[Board "20"]
[WhiteElo "1584"]
[BlackElo "1267"]
[WhiteClock "00:05:28"]
[BlackClock "00:00:31"]
[PlyCount "55"]
[WhiteFideId "16275675"]
[BlackFideId "34608150"]
[EventCountry "GER"]
[EventRounds "9"]
[EventType "swiss"]
[EventDate "2023.05.27"]

1. e4 {[%clk 01:30:58]} {[%emt 00:00:02]} e5 {[%clk 01:30:54]} {[%emt
00:00:06]} 2. Nf3 {[%clk 01:31:21]} {[%emt 00:00:06]} Nc6 {[%clk 01:31:16]}
{[%emt 00:00:09]} 3. Bb5 {[%clk 01:31:46]} {[%emt 00:00:04]} a6 {[%clk
01:31:12]} {[%emt 00:00:35]} 4. Ba4 {[%clk 01:32:11]} {[%emt 00:00:05]} Nf6
{[%clk 01:31:37]} {[%emt 00:00:05]} 5. O-O {[%clk 01:32:34]} {[%emt 00:00:07]}
b5 {[%clk 01:31:53]} {[%emt 00:00:14]} 6. Bb3 {[%clk 01:32:55]} {[%emt
00:00:09]} Bc5 {[%clk 01:31:25]} {[%emt 00:00:58]} 7. c3 {[%clk 01:32:44]}
{[%emt 00:00:41]} d6 {[%clk 01:30:32]} {[%emt 00:01:23]} 8. d4 {[%clk
01:30:02]} {[%emt 00:03:12]} exd4 {[%clk 01:30:41]} {[%emt 00:00:20]} 9. cxd4
{[%clk 01:30:21]} {[%emt 00:00:12]} Ba7 {[%clk 01:29:25]} {[%emt 00:01:45]} 10.
h3 {[%clk 01:23:06]} {[%emt 00:07:45]} O-O {[%clk 01:20:59]} {[%emt 00:08:57]}
11. Bg5 {[%clk 01:16:34]} {[%emt 00:07:01]} h6 {[%clk 01:16:49]} {[%emt
00:04:41]} 12. Bxf6 {[%clk 01:09:53]} {[%emt 00:07:11]} Qxf6 {[%clk 01:07:55]}
{[%emt 00:09:24]} 13. Bd5 {[%clk 01:10:09]} {[%emt 00:00:14]} Bb7 {[%emt
00:28:11]} 14. Nc3 {[%clk 00:53:26]} Rab8 {[%clk 00:47:37]} {[%emt 00:10:18]}
15. Ne2 {[%clk 00:51:03]} {[%emt 00:02:54]} Ne7 {[%clk 00:26:09]} {[%emt
00:21:59]} 16. Bxb7 {[%clk 00:50:12]} {[%emt 00:01:21]} Rxb7 {[%clk 00:26:28]}
{[%emt 00:00:11]} 17. Qd2 {[%clk 00:48:31]} {[%emt 00:02:10]} Qg6 {[%clk
00:21:44]} {[%emt 00:05:14]} 18. Ng3 {[%clk 00:46:43]} {[%emt 00:02:17]} c5
{[%clk 00:15:02]} {[%emt 00:07:14]} 19. Rac1 {[%clk 00:36:47]} {[%emt
00:10:25]} Nc6 {[%clk 00:09:12]} {[%emt 00:06:20]} 20. Nf5 {[%clk 00:31:25]}
{[%emt 00:05:52]} Ne7 {[%clk 00:06:06]} {[%emt 00:03:36]} 21. N3h4 {[%clk
00:21:19]} {[%emt 00:10:36]} Qf6 {[%clk 00:04:34]} {[%emt 00:02:02]} 22. Qa5
{[%clk 00:19:47]} {[%emt 00:02:01]} Nxf5 {[%clk 00:01:05]} {[%emt 00:04:01]}
23. Nxf5 {[%clk 00:20:05]} {[%emt 00:00:12]} Rb6 {[%clk 00:00:59]} {[%emt
00:00:37]} 24. Nxd6 {[%clk 00:12:03]} {[%emt 00:08:31]} Qxd4 {[%clk 00:00:38]}
{[%emt 00:00:51]} 25. Rfd1 {[%clk 00:10:54]} {[%emt 00:01:38]} Qe5 {[%clk
00:00:31]} {[%emt 00:00:38]} 26. Rd5 {[%clk 00:06:00]} {[%emt 00:05:24]} Qxb2
{[%clk 00:00:31]} {[%emt 00:00:30]} 27. Rcd1 {[%clk 00:05:42]} {[%emt
00:00:47]} Rd8 {[%clk 00:00:31]} {[%emt 00:00:30]} 28. Nc4 {[%clk 00:05:28]}
{[%emt 00:00:45]} 1-0

[Event "ODJM B 2023"]
[Site "Willingen GER"]
[Date "2023.05.31"]
[Round "6"]
[White "Direk, Oguzhan"]
[Black "Bergmann, Lennart"]
[Result "0-1"]
[Termination "normal"]
[Board "21"]
[WhiteElo "1553"]
[BlackElo "1515"]
[WhiteClock "00:52:19"]
[BlackClock "00:20:33"]
[PlyCount "52"]
[WhiteFideId "16294343"]
[BlackFideId "16270657"]
[EventCountry "GER"]
[EventRounds "9"]
[EventType "swiss"]
[EventDate "2023.05.27"]

1. d4 {[%clk 01:30:45]} {[%emt 00:00:14]} Nf6 {[%clk 01:30:46]} {[%emt
00:00:14]} 2. Nc3 {[%clk 01:31:11]} {[%emt 00:00:05]} d6 {[%clk 01:30:45]}
{[%emt 00:00:31]} 3. Bf4 {[%clk 01:31:12]} {[%emt 00:00:28]} g6 {[%clk
01:29:24]} {[%emt 00:01:52]} 4. Qd2 {[%clk 01:31:38]} {[%emt 00:00:03]} Nbd7
{[%clk 01:26:07]} {[%emt 00:03:48]} 5. O-O-O {[%clk 01:30:24]} {[%emt
00:01:43]} c5 {[%clk 01:22:29]} {[%emt 00:04:09]} 6. e3 {[%clk 01:28:10]}
{[%emt 00:02:43]} a6 {[%clk 01:22:08]} {[%emt 00:00:51]} 7. g3 {[%clk
01:27:00]} {[%emt 00:01:40]} h6 {[%clk 01:19:07]} {[%emt 00:03:32]} 8. h4
{[%clk 01:25:46]} {[%emt 00:01:43]} Qc7 {[%clk 01:15:46]} {[%emt 00:03:51]} 9.
d5 {[%clk 01:24:03]} {[%emt 00:02:14]} b5 {[%clk 01:13:08]} {[%emt 00:03:08]}
10. Nf3 {[%clk 01:20:59]} {[%emt 00:03:34]} Nb6 {[%clk 01:09:14]} {[%emt
00:04:23]} 11. Bg2 {[%clk 01:12:39]} {[%emt 00:08:50]} b4 {[%clk 01:01:51]}
{[%emt 00:07:55]} 12. Ne2 {[%clk 01:11:33]} {[%emt 00:01:35]} Ne4 {[%clk
00:55:25]} {[%emt 00:06:55]} 13. Qe1 {[%clk 01:11:20]} {[%emt 00:00:43]} Nc4
{[%clk 00:51:43]} {[%emt 00:04:12]} 14. Nfg1 {[%clk 01:04:01]} {[%emt
00:07:50]} Qa5 {[%clk 00:51:43]} {[%emt 00:00:30]} 15. Kb1 {[%clk 01:02:56]}
{[%emt 00:01:35]} Bf5 {[%clk 00:29:58]} {[%emt 00:22:15]} 16. g4 {[%clk
00:59:27]} {[%emt 00:03:59]} Ned2+ {[%clk 00:29:44]} {[%emt 00:00:44]} 17. Rxd2
{[%clk 00:59:34]} {[%emt 00:00:22]} b3 {[%clk 00:29:59]} {[%emt 00:00:15]} 18.
Nc3 {[%clk 00:59:25]} {[%emt 00:00:39]} bxa2+ {[%clk 00:26:52]} {[%emt
00:03:37]} 19. Ka1 {[%clk 00:59:34]} {[%emt 00:00:21]} Qb4 {[%clk 00:26:38]}
{[%emt 00:00:44]} 20. Qc1 {[%clk 00:58:25]} {[%emt 00:01:39]} Bg7 {[%clk
00:24:45]} {[%emt 00:02:24]} 21. Nge2 {[%clk 00:56:11]} {[%emt 00:02:44]} Rb8
{[%clk 00:19:34]} {[%emt 00:05:40]} 22. gxf5 {[%clk 00:54:47]} {[%emt
00:01:54]} Nxb2 {[%clk 00:19:46]} {[%emt 00:00:18]} 23. f6 {[%clk 00:51:58]}
{[%emt 00:03:19]} Bxf6 {[%clk 00:20:01]} {[%emt 00:00:15]} 24. e4 {[%clk
00:51:31]} {[%emt 00:00:57]} Bxc3 {[%clk 00:20:15]} {[%emt 00:00:17]} 25. Nxc3
{[%clk 00:51:50]} {[%emt 00:00:10]} Qxc3 {[%clk 00:20:39]} {[%emt 00:00:06]}
26. Rh3 {[%clk 00:52:19]} {[%emt 00:00:02]} Nd3+ {[%clk 00:20:33]} {[%emt
00:00:36]} 0-1